000 00529nam a22002177a 4500
003 UA-OsUOA
001 41190
007 ta
008 20060918b un ||||| |||| 00| 0 ukr d
100 _aPoplawski Z.
090 _a94(438)
942 _cBK
040 _aUA-OsUOA
_brus
_cUA-OsUOA
_dUA-OsUOA
245 _aDzieje politechniki lwowskiej 1844-1945
300 _a363 с.
955 _a2
041 _arus
080 _a94(438)
650 7 _a9 Географія. Біографії. Історія
_2UDC
999 _c327334
_d327334